The law of the sea: official text of the united nations convention on the law of the sea with annexes and index (Record no. 343)

MARC details
000 -LEADER
fixed length control field 00751nam a2200145 a 4500
008 - FIXED-LENGTH DATA ELEMENTS--GENERAL INFORMATION
fixed length control field 121113s1983 ||||||||||||||||| || u
050 ## - LIBRARY OF CONGRESS CALL NUMBER
Classification number K 104 LAW
110 ## - MAIN ENTRY--CORPORATE NAME
Corporate name or jurisdiction name as entry element United Nations Organisation (UNO)
245 14 - TITLE STATEMENT
Title The law of the sea: official text of the united nations convention on the law of the sea with annexes and index
Statement of responsibility, etc. by United Nations
260 ## - PUBLICATION, DISTRIBUTION, ETC.
Place of publication, distribution, etc. New York
Name of publisher, distributor, etc. UNITED NATIONS
Date of publication, distribution, etc. 1983
300 ## - PHYSICAL DESCRIPTION
Extent xxxvii, 224p.
500 ## - GENERAL NOTE
General note Final act of the third United Nations Conference on the Law of the Sea: introductory material on the Convention and the Conference.
650 ## - SUBJECT ADDED ENTRY--TOPICAL TERM
Topical term or geographic name entry element MARITIME LAW--CONGRESSES
995 ## -
-- SPECIAL COLLECTIONS
-- 500259
-- CBU-DAG HAMMARSKJOLD INSTITUTE LIBRARY
-- DAG K 104 LAW
-- 1
-- AVAILABLE
-- Dec 17, 2012
-- 500259
-- DHIPS Book Collection
999 ## -
-- 343
-- 343
Holdings
Withdrawn status Lost status Source of classification or shelving scheme Damaged status Not for loan Permanent Location Current Location Shelving location Date acquired Total Checkouts Full call number Barcode Date last seen Price effective from Koha item type
          CBU-DAG HAMMARSKJOLD INSTITUTE CBU-DAG HAMMARSKJOLD INSTITUTE   11/28/2022   K 104 LAW 500259 11/28/2022 11/28/2022 MONOGRAPH